Agile Management And Vuca-Rr: Opportunites & Threats In Industry 4.0 Towards Society 5.0 Opportunites & Threats In Industry 4.0 Towards Society 5.0 (Record no. 42925)

MARC details
000 -LEADER
fixed length control field 00436nam a2200121Ia 4500
008 - FIXED-LENGTH DATA ELEMENTS--GENERAL INFORMATION
fixed length control field 241028s9999 xx 000 0 und d
041 ## - LANGUAGE CODE
Language code of text/sound track or separate title eng
082 ## - DEWEY DECIMAL CLASSIFICATION NUMBER
Classification number 005.1 AKK
100 ## - MAIN ENTRY--PERSONAL NAME
Personal name Akkaya Bulent
245 ## - TITLE STATEMENT
Title Agile Management And Vuca-Rr: Opportunites & Threats In Industry 4.0 Towards Society 5.0 Opportunites & Threats In Industry 4.0 Towards Society 5.0
260 ## - PUBLICATION, DISTRIBUTION, ETC.
Name of publisher, distributor, etc. Emerald Publishing
Place of publication, distribution, etc. United Kingdom
Date of publication, distribution, etc. 2022
300 ## - PHYSICAL DESCRIPTION
Extent 232;. P. 23 cm

No items available.

Designed & Maintained by: LRC IMT Nagpur Contact: lrc@imtnag.ac.in© 2024. All Rights Reserved.